[Event "Pardubice KB op"]
[Site "Pardubice"]
[Date "1996.??.??"]
[Round "1"]
[White "Mitbreit, Dmitry"]
[Black "Mikhalevski, Victor"]
[Result "1-0"]
[WhiteElo "2270"]
[BlackElo "2500"]
[PlyCount "84"]
[EventDate "1996.07.??"]
[EventType "swiss"]
[EventRounds "9"]
[EventCountry "CZE"]
[SourceTitle "CBM 055 Extra"]
[Source "ChessBase"]
[SourceDate "1997.01.01"]
[SourceVersion "1"]
[SourceVersionDate "1997.01.01"]
[SourceQuality "1"]

1. d4 Nf6 2. c4 g6 3. Nc3 d5 4. Nf3 Bg7 5. Bg5 Ne4 6. cxd5 Nxg5 7. Nxg5 e6 8. Nf3 exd5 9. e3 0-0 10. Bd3 b6 11. 0-0 Bb7 12. Rc1 c6 13. Qb3 Nd7 14. a4 Re8 15. e4 Nf8 16. exd5 cxd5 17. a5 Rb8 18. a6 Ba8 19. Nb5 Re7 20. Qb4 Ne6 21. Rfe1 Bf6 22. Qd2 Qe8 23. Qc2 Qf8 24. Bf1 Bg7 25. Qc3 Rbe8 26. Qb4 Bh6 27. Rcd1 Rc8 28. Rd3 Rc4 29. Qb3 Bg7 30. Rc3 Nxd4 31. Nbxd4 Rxe1 32. Nxe1 Rxd4 33. Rc7 Be5 34. Rc2 Bd6 35. Nf3 Re4 36. Qb5 Bc5 37. Qd7 Re7 38. Qh3 Qd8 39. Ng5 h5 40. Bd3 Re1+ 41. Bf1 Qxg5 42. Qc8+ Kg7 1-0

[Event "Moscow Alekhine op"]
[Site "Moscow"]
[Date "1996.??.??"]
[Round "9"]
[White "Mitbreit, Dmitry"]
[Black "Nedochetov, Mikhail"]
[Result "1/2-1/2"]
[WhiteElo "2315"]
[BlackElo "2200"]
[PlyCount "147"]
[EventDate "1996.??.??"]
[EventType "swiss"]
[EventRounds "9"]
[EventCountry "RUS"]
[SourceTitle "EXT 1999"]
[Source "ChessBase"]
[SourceDate "1998.11.16"]
[SourceVersion "1"]
[SourceVersionDate "1998.11.16"]
[SourceQuality "1"]

1. d4 Nf6 2. g3 d5 3. Bg2 g6 4. Nf3 Bg7 5. 0-0 0-0 6. c4 c6 7. cxd5 cxd5 8. Nc3 Ne4 9. Qb3 Nc6 10. e3 Nxc3 11. Qxc3 Bf5 12. Nh4 Be6 13. b4 Rc8 14. Qb3 Qd7 15. Bd2 a6 16. Rfc1 Na7 17. Nf3 Rfd8 18. Ng5 Bf5 19. Rc5 e6 20. Bf1 Bf8 21. Rcc1 Rxc1 22. Rxc1 Rc8 23. Nf3 Rxc1 24. Bxc1 Qc7 25. Bd2 Bc2 26. Qb2 Ba4 27. Ne1 Bb5 28. Qc3 Qxc3 29. Bxc3 Bxf1 30. Kxf1 Nc6 31. Nd3 b5 32. Nc5 Bxc5 33. dxc5 e5 34. Ke2 f6 35. a3 Kf7 36. h3 Ke6 37. Kd3 h6 38. Bd2 h5 39. Bc3 Kf5 40. Bd2 Ke6 41. Bc3 Nd8 42. Bd2 Nf7 43. f4 Nd8 44. Be1 Nc6 45. Bc3 Kf5 46. Be1 g5 47. fxg5 fxg5 48. Bf2 Ne7 49. Be1 Ng8 50. Bf2 Nf6 51. Be1 Ne4 52. Ke2 g4 53. h4 Ke6 54. Kd3 Kd7 55. Ke2 Kc7 56. Kd3 Kc6 57. Ke2 a5 58. Kd3 a4 59. Ke2 Kd7 60. Kd3 Ke6 61. Ke2 Nf6 62. Kd3 Kf5 63. Bc3 Ng8 64. Bd2 Ne7 65. Be1 Nc6 66. Bc3 Ke6 67. Bb2 Ne7 68. Bc3 Nf5 69. Be1 d4 70. e4 Ne3 71. Bd2 Nd1 72. Ke2 Nb2 73. Bc1 Nc4 74. Kd3 1/2-1/2

[Event "Moscow IM4"]
[Site "Moscow"]
[Date "1996.??.??"]
[Round "?"]
[White "Mitbreit, Dmitry"]
[Black "Zhidkov, Valery S"]
[Result "1/2-1/2"]
[WhiteElo "2315"]
[BlackElo "2385"]
[PlyCount "35"]
[EventDate "1996.??.??"]
[EventType "tourn"]
[EventRounds "11"]
[EventCountry "RUS"]
[EventCategory "2"]
[SourceTitle "EXT 2000"]
[Source "ChessBase"]
[SourceDate "1999.11.16"]
[SourceVersion "1"]
[SourceVersionDate "1999.11.16"]
[SourceQuality "1"]

1. d4 Nf6 2. c4 e6 3. Nf3 Bb4+ 4. Bd2 Qe7 5. g3 Nc6 6. Bg2 Bxd2+ 7. Nbxd2 d6 8. e4 a5 9. 0-0 e5 10. d5 Nb8 11. b3 Bg4 12. a3 Na6 13. b4 0-0 14. Qb3 c6 15. Rfc1 Bxf3 16. Bxf3 axb4 17. axb4 c5 18. b5 1/2-1/2

[Event "Pardubice KB op"]
[Site "Pardubice"]
[Date "1996.??.??"]
[Round "9"]
[White "Shurygin, Sergey"]
[Black "Mitbreit, Dmitry"]
[Result "1/2-1/2"]
[WhiteElo "2390"]
[BlackElo "2270"]
[PlyCount "56"]
[EventDate "1996.07.??"]
[EventType "swiss"]
[EventRounds "9"]
[EventCountry "CZE"]
[SourceTitle "CBM 055 Extra"]
[Source "ChessBase"]
[SourceDate "1997.01.01"]
[SourceVersion "1"]
[SourceVersionDate "1997.01.01"]
[SourceQuality "1"]

1. Nf3 d5 2. d4 Nf6 3. g3 c6 4. Bg2 Bf5 5. 0-0 e6 6. Nbd2 h6 7. c4 Nbd7 8. b3 Be7 9. Bb2 0-0 10. Ne5 a5 11. a3 Qc7 12. Rc1 Rad8 13. cxd5 exd5 14. Ndf3 Qb6 15. Nd3 Rfe8 16. Nh4 Bh7 17. Bh3 Ne4 18. Nf5 Bf8 19. e3 Ng5 20. Bg4 h5 21. f4 Nf6 22. fxg5 Nxg4 23. Qf3 Qc7 24. Ne5 Bxf5 25. Qxf5 Nxe3 26. Qxf7+ Qxf7 27. Rxf7 Rxe5 28. Rxf8+ Kxf8 1/2-1/2

[Event "Moscow-ch op"]
[Site "Moscow"]
[Date "1995.??.??"]
[Round "3"]
[White "Castaneda, Georgui"]
[Black "Mitbreit, Dmitry"]
[Result "1/2-1/2"]
[WhiteElo "2400"]
[BlackElo "2320"]
[PlyCount "46"]
[EventDate "1995.??.??"]
[EventType "swiss"]
[EventRounds "11"]
[EventCountry "RUS"]
[SourceTitle "EXT 1997"]
[Source "ChessBase"]
[SourceDate "1996.11.15"]
[SourceVersion "1"]
[SourceVersionDate "1996.11.15"]
[SourceQuality "1"]

1. d4 d5 2. c4 c6 3. Nf3 Nf6 4. Nc3 dxc4 5. a4 Bg4 6. Ne5 Bh5 7. f3 Nfd7 8. Nxc4 e5 9. g3 Bb4 10. dxe5 0-0 11. h4 Qe7 12. g4 Nxe5 13. Nxe5 Qxe5 14. Rh3 Na6 15. gxh5 Rad8 16. Qc2 Bc5 17. Qe4 Nb4 18. Bd2 Qxe4 19. Nxe4 Nc2+ 20. Kd1 Ne3+ 21. Ke1 Nc2+ 22. Kd1 Ne3+ 23. Ke1 Nc2+ 1/2-1/2

[Event "Moscow-ch op"]
[Site "Moscow"]
[Date "1995.??.??"]
[Round "11"]
[White "Gelman, Alexander"]
[Black "Mitbreit, Dmitry"]
[Result "1/2-1/2"]
[WhiteElo "2375"]
[BlackElo "2320"]
[PlyCount "99"]
[EventDate "1995.??.??"]
[EventType "swiss"]
[EventRounds "11"]
[EventCountry "RUS"]
[SourceTitle "EXT 1997"]
[Source "ChessBase"]
[SourceDate "1996.11.15"]
[SourceVersion "1"]
[SourceVersionDate "1996.11.15"]
[SourceQuality "1"]

1. g3 d5 2. Nf3 c6 3. Bg2 Bg4 4. c4 e6 5. cxd5 exd5 6. 0-0 Nd7 7. d3 Ngf6 8. h3 Bh5 9. Qc2 Be7 10. Nc3 0-0 11. e4 Nc5 12. g4 dxe4 13. dxe4 Bg6 14. Ne5 Re8 15. Be3 Bf8 16. Rad1 Qc7 17. f4 Rxe5 18. fxe5 Qxe5 19. Bd4 Qg5 20. Qf2 Nfd7 21. Ne2 a5 22. Ng3 Re8 23. Kh1 Kh8 24. Rfe1 b6 25. Nf5 Ne5 26. Qg3 Ncd7 27. Bc3 h5 28. gxh5 Qxh5 29. Rd2 f6 30. Red1 Nc5 31. Rd8 Rxd8 32. Rxd8 Ne6 33. Rc8 Bxf5 34. exf5 Qxf5 35. Bxe5 fxe5 36. Qh4+ Kg8 37. Qc4 b5 38. Qxc6 Nf4 39. Rb8 Ne2 40. Qf3 Qb1+ 41. Bf1 Nf4 42. Rxb5 Bd6 43. Kg1 e4 44. Qb3+ Kh7 45. Kf2 Qc1 46. Qc3 Qd1 47. Rg5 Ne6 48. Rg4 Qd5 49. Bg2 Bc5+ 50. Ke2 1/2-1/2

[Event "Budapest FS11 IM-A"]
[Site "Budapest"]
[Date "1994.??.??"]
[Round "10"]
[White "Mitbreit, Dmitry"]
[Black "Farago, Sandor"]
[Result "1-0"]
[WhiteElo "2345"]
[BlackElo "2360"]
[PlyCount "83"]
[EventDate "1994.11.??"]
[EventType "tourn"]
[EventRounds "11"]
[EventCountry "HUN"]
[EventCategory "2"]
[SourceTitle "EXT 1997"]
[Source "ChessBase"]
[SourceDate "1996.11.15"]
[SourceVersion "1"]
[SourceVersionDate "1996.11.15"]
[SourceQuality "1"]

1. d4 c5 2. d5 e5 3. c4 d6 4. e4 g6 5. Nc3 Bg7 6. Bd3 Ne7 7. Nge2 0-0 8. Bg5 h6 9. Bh4 Nd7 10. f3 a6 11. a3 Nf6 12. Qd2 Nh5 13. Bf2 f5 14. exf5 gxf5 15. g3 Kh8 16. h3 Rb8 17. Be3 Nxg3 18. Nxg3 f4 19. Nh5 fxe3 20. Qxe3 Nf5 21. Bxf5 Qh4+ 22. Kd2 Qxh5 23. Bg4 Qf7 24. Ne4 Qe7 25. Rhg1 Rf4 26. Raf1 Bf8 27. Rf2 b5 28. Bxc8 Rxc8 29. Rfg2 Qf7 30. b3 Rxf3 31. Rg8+ Kh7 32. Nxd6 Rf2+ 33. Kd3 bxc4+ 34. bxc4 Qxg8 35. Qe4+ Kh8 36. Rxg8+ Kxg8 37. Nxc8 Bg7 38. d6 Ra2 39. Ne7+ Kf7 40. Qd5+ Kf6 41. d7 Rxa3+ 42. Kc2 1-0

[Event "Budapest FS11 IM-A"]
[Site "Budapest"]
[Date "1994.??.??"]
[Round "7"]
[White "Mitbreit, Dmitry"]
[Black "Kuljabin, Vadim"]
[Result "0-1"]
[WhiteElo "2345"]
[BlackElo "2230"]
[PlyCount "78"]
[EventDate "1994.11.??"]
[EventType "tourn"]
[EventRounds "11"]
[EventCountry "HUN"]
[EventCategory "2"]
[SourceTitle "EXT 1997"]
[Source "ChessBase"]
[SourceDate "1996.11.15"]
[SourceVersion "1"]
[SourceVersionDate "1996.11.15"]
[SourceQuality "1"]

1. d4 Nf6 2. g3 g6 3. Bg2 Bg7 4. e4 0-0 5. Ne2 d6 6. h3 Nbd7 7. 0-0 e5 8. Be3 exd4 9. Bxd4 Re8 10. Nbc3 c6 11. g4 Nc5 12. Ng3 Be6 13. f4 Bc4 14. Rf2 Ne6 15. Be3 Qc7 16. f5 Nc5 17. Bf4 Rad8 18. Rb1 Qb6 19. Be3 Qc7 20. Kh2 b5 21. a3 Na4 22. Nxa4 bxa4 23. Bd4 d5 24. fxg6 dxe4 25. gxf7+ Bxf7 26. Rd2 Bh6 27. Be5 Qa5 28. Rxd8 Rxd8 29. Qf1 Qxe5 30. Kh1 Qxg3 31. Qxf6 Rd2 32. Qf1 Bf4 33. Qg1 Bd5 34. c4 Bxc4 35. Rc1 Bd5 36. Rc3 Rd3 37. Bf1 Rxc3 38. bxc3 e3+ 39. Bg2 Qxh3+ 0-1

[Event "Budapest FS11 IM-A"]
[Site "Budapest"]
[Date "1994.??.??"]
[Round "9"]
[White "Shurygin, Sergey"]
[Black "Mitbreit, Dmitry"]
[Result "1/2-1/2"]
[WhiteElo "2320"]
[BlackElo "2345"]
[PlyCount "35"]
[EventDate "1994.11.??"]
[EventType "tourn"]
[EventRounds "11"]
[EventCountry "HUN"]
[EventCategory "2"]
[SourceTitle "EXT 1997"]
[Source "ChessBase"]
[SourceDate "1996.11.15"]
[SourceVersion "1"]
[SourceVersionDate "1996.11.15"]
[SourceQuality "1"]

1. c4 e5 2. g3 Nf6 3. Bg2 Nc6 4. Nc3 Bc5 5. e3 0-0 6. Nge2 d6 7. d4 exd4 8. exd4 Bb6 9. 0-0 h6 10. Na4 Bg4 11. Nxb6 axb6 12. Be3 Re8 13. Re1 Qd7 14. Qd2 Ne4 15. Qc2 Bf5 16. Qd1 Nf6 17. a3 Be4 18. Nc3 1/2-1/2